"Great" Rulers - Statistics

General Stats
  • This quiz has been taken 218 times
  • The average score is 9 of 14
Answer Stats
Hint Answer % Correct
biggest ancient conquerer, 336-323 Alexander the Great
93%
female Tsar, 1762-1796 Catherine the Great
89%
first roman emperor to be baptized, 307-337 Constantine the Great
80%
main figure of the opera "Tsar and Carpenter", 1682-1725 Peter the Great
77%
pope, famous for his new calendar, 590-604 Gregory the Great
76%
crowned holy roman emperor at christmas 800 Charles the Great
73%
Pharaoh, 1279-1212 Ramesses the Great
73%
according to the gospel, he tried to kill Jesus, 37-4 Herod the Great
67%
byzantine emperor who conquered Rome, 527-565 Justinian the Great
64%
"The old Fritz", 1740-1786 Frederick the Great
59%
King of Denmark and England, 1019-1035 Cnut the Great
58%
Great-great-grandfather of Edward the confessor, 871-899 Alfred the Great
57%
his dynasty still reigns in Arabia, 1803-1814 Saud the Great
35%
Gothic King in Italy, 493-526 Theoderic the Great
24%
No matching quizzes found
Score Distribution
Percent of People with Each Score
Percentile by Number Answered
Your Score History
You have not taken this quiz